000 00595nam a2200205 a 4500
005 20241022063649.0
008 991125c1973 new 000 0 eng u
020 _a0876681089
035 _aUPN01000007601
049 _aCG
050 4 _aRJ504
_bCH5.3
245 0 4 _aThe child's discovery of himself /
_ced. by Clark Moustakas.
260 _aNew York :
_bJ. Aronson,
_c1973.
300 _a254 p.
650 4 _aNiño, Estudio del
_9221
650 0 _aProblemas emocionales de niños
_910678
650 4 _aPsicoterapia infantil
_915
700 1 _aMoustakas, Clark E.,
_eed.
_929531
905 _aLibro
999 _c7601
_d7601